000 00469nam a22001817a 4500
999 _c6201
_d6199
005 20210906141558.0
008 200517b xxu||||| |||| 00| 0 eng d
020 _a9788123920313
041 _aeng
082 _a615 AGA
100 _aAGARWAL, GAURAV
_95121
245 _aPharmaceutical technology-II
_bGaurav Agarwal
250 _a1'st
260 _aNew Delhi
_bCBS Publishers and Distributors
_c2019
300 _a405,xiii
650 _aPharmacy
_96890
942 _cBK